|
|
|
|
| LEADER |
00000nab a2200000 a 4500 |
| 001 |
vtls000144615 |
| 003 |
SK-MaSNL |
| 005 |
20260304050348.0 |
| 008 |
250422c1983 xo 0 slo |
| 015 |
|
|
|a SNBRB19rr/mm-uuuuu
|
| 035 |
|
|
|a CL0154722
|
| 035 |
|
|
|a urn:nbn:sk:snk-ab7kfy
|
| 035 |
|
|
|a (urnnbn)urn:nbn:sk:snk:ar-0066jx
|
| 035 |
|
|
|a (uuid)b6bdff0e-aa0c-4bc4-9d83-cd4784a07273
|
| 040 |
|
|
|a SNKBUCL
|b slo
|c SNKBUCL
|e AACR2
|
| 041 |
0 |
|
|a cze
|
| 044 |
|
|
|a xo
|c SK
|
| 080 |
|
|
|a 798
|2 1981
|
| 100 |
1 |
|
|a Z. V.
|4 aut
|9 5622
|
| 245 |
1 |
0 |
|a Podzimní část Světového poháru
|c Z.V.
|
| 300 |
|
|
|b Obr. 1.
|
| 650 |
0 |
7 |
|a jazdectvo
|2 snkbucl
|9 3225
|
| 655 |
|
7 |
|a články z novín a časopisov
|2 snkbucl
|9 267496
|
| 773 |
0 |
|
|t Jazdectvo
|g Roč. 31, č. 2 (1983), s. 25
|
| 850 |
|
|
|a Slovenská národná knižnica
|
| 852 |
|
|
|a Slovenská národná knižnica
|
| 954 |
|
|
|a odborná, vedecká literatúra cudzojazyčná (svetová)
|2 lita
|
| 954 |
|
|
|a odborná, vedecká literatúra pôvodná (slovenská)
|2 lita
|
| 958 |
|
|
|a article7
|
| 958 |
|
|
|a OND
|
| 958 |
|
|
|a RK
|
| 958 |
|
|
|a EUIPO
|
| 992 |
|
|
|a RBX
|
| 999 |
|
|
|c 2697913
|d 2699843
|